000 01078cam a2200265 a 4500
005 20260601124817.0
020 _a0803994141
020 _a9780803994140
082 0 0 _a338.4
_bASI
245 0 0 _aAsian crucible :
_bthe steel industry in China and India /
_cunder the direction of Gilbert Etienne ; with the contributions of Jacques Astier, Hari Bhushan, Dai Zhong.
260 _aNew Delhi ;
_bSage,
_c1992.
300 _a304 p. ;
_c24 cm.
500 _aRev. and updated ed. of: Asian crucible. 1990.
500 _a"Published on behalf of the Modern Asia Research Centre, Geneva, and Indian Council for Research on International Economic Relations, New Delhi"--P. [2].
504 _aIncludes bibliographical references.
650 0 _aSteel industry and trade
_zChina.
650 0 _aSteel industry and trade
_zIndia.
700 1 _aEtienne, Gilbert.
700 1 _aAstier, J. E.
700 1 _aBhushan, Hari.
700 1 _aDai, Zhong.
710 2 _aUniversité de Genève.
710 2 _aIndian Council for Research on International Economic Relations.
942 _2ddc
_cBK
999 _c24359
_d24359